| 000 | 00743nam a2200229 a 4500 | ||
|---|---|---|---|
| 001 | 000015580 | ||
| 005 | 20240412074244.0 | ||
| 008 | 100215s1982 dr a 000 j spa d | ||
| 040 |
_aDO-SdBNP _bspa _cBNPHU |
||
| 082 |
_aRD863.44 _bL817a, 1982 |
||
| 100 | 1 |
_aLockward, Yoryi _935159 |
|
| 245 | 1 | 0 |
_aAcucheme ute : _bcuentos tÃpicos dominicanos / _cYoryi Lockward. |
| 250 | _a4a. ed. | ||
| 260 |
_aSanto Domingo : _bEducativa dominicana, _c1982. |
||
| 300 |
_a110 p. : _bil. ; _c21 cm. |
||
| 490 | 1 |
_aLiteratura humorismo I _v10 |
|
| 590 | _aInventariado, 2019/MF | ||
| 650 | 0 |
_aCuentos dominicanos _9176 |
|
| 650 | 0 |
_aLiteratura dominicana. _967 |
|
| 830 | 0 |
_aLiteratura humorismo I _n10 _935160 |
|
| 910 | _aValidado. Control de calidad MFF | ||
| 999 |
_c15135 _d15135 |
||